HIGH COURT CRIMINAL SESSION NO.43 OF 1975 Uganda Vs John Kibirige (Record no. 8014)

MARC details
000 -LEADER
fixed length control field 00308nam a22000977a 4500
008 - FIXED-LENGTH DATA ELEMENTS--GENERAL INFORMATION
fixed length control field 150722b xxu||||| |||| 00| 0 eng d
010 ## - LIBRARY OF CONGRESS CONTROL NUMBER
Field link and sequence number HCCRSARF:033
245 ## - TITLE STATEMENT
Title HIGH COURT CRIMINAL SESSION NO.43 OF 1975 Uganda Vs John Kibirige
260 ## - PUBLICATION, DISTRIBUTION, ETC. (IMPRINT)
Place of publication, distribution, etc High Court Kampala
500 ## - GENERAL NOTE
Materials specified BEFORE: Hon. Mr. Justice P.A.P.J. Allen
Holdings
Withdrawn status Lost status Source of classification or shelving scheme Materials specified (bound volume or other part) Damaged status Koha normalized classification for sorting Not for loan Location (home branch) Sublocation or collection (holding branch) Shelving location Date acquired Koha issues (times borrowed) Koha full call number Piece designation (barcode) Koha date last seen Price effective from Koha item type Public note
    Dewey Decimal Classification HCCRSARF:033   HCCRSARF_033   Archives Archives Archives 07/22/2015   HCCRSARF:033 3185/2015 07/22/2015 07/22/2015 Un Reported Cases Judgement entered on 23rd/May/1975
    Dewey Decimal Classification     HCCRSARF_033   Archives Archives Archives 07/22/2015   HCCRSARF:033 3181/2015 07/22/2015 07/22/2015 Un Reported Cases Judgement entered on 23rd/May/1975